Composition milan ac finale ligue des champions 2003 - Statistiques

Statistiques générales
  • Ce quiz a été pris 262 fois
  • Le résultat moyen est 8 sur 12
Statistiques - réponses
Numéro Joueur % Correct
3 (cap) Maldini
98%
13 Nesta
93%
12 Dida
90%
21 Pirlo
86%
Entraîneur Ancelotti
77%
8 Gattuso
77%
9 Inzaghi
77%
20 Seedorf
75%
7 Shevchenko
64%
10 Rui Costa
36%
19 Costacurta
30%
4 Kaladze
25%
Aucun quiz correspondant
Distribution des résultats
% des personnes avec chaque résultat
Percentile par nombre de réponses
Votre historique - résultats
Vous n’avez pas pris ce quiz